000
00318nam a2200133Ia 4500
100
_a
Pollack/Herman W
942
_c
BK
654
_a
Tool Operations
245
_a
Manufacturing & Machine Tool Operations
260
_b
Prentice Hall of India
_a
NewDelhi
_c
1974
082
_a
621.9
300
_a
593
546
_a
ENGLISH
999
_c
29709
_d
29709